Les queens de Drag Race France 2 - Statistiques

Statistiques générales
  • Ce quiz a été pris 39 fois
  • Le résultat moyen est 9 sur 11
Statistiques - réponses
Classement Queens % Correct
Gagnante Keiona
94%
Troisième Punani
92%
Troisième Mami Watta
89%
5e Piche
89%
11e Rose
86%
7e Moon
83%
Deuxième Sara Forever
81%
9e Kitty Space
78%
8e Ginger Bitch
75%
10e Vespi
72%
6e Cookie Kunty
69%
Aucun quiz correspondant
Distribution des résultats
% des personnes avec chaque résultat
Percentile par nombre de réponses
Votre historique - résultats
Vous n’avez pas pris ce quiz